| 000 | 00822cab a2200253 4500 | ||
|---|---|---|---|
| 001 | X3071 | ||
| 008 | 090401t1996 xxu||||| |||| 00| 0 eng d | ||
| 035 | _a(Sirsi) u28327 | ||
| 041 | _aeng | ||
| 245 | _aMicrografix & Woking 8 Ltd | ||
| 260 | _c1996 | ||
| 350 | _a0 | ||
| 490 |
_aProperty and Compensation Reports _v1996 72 P&CR 43-46(4) |
||
| 520 | _aChD 19 May 1995. Whether notice to terminate effective. Notice to terminate and accompanying letter specifying incorrect dates. Whether landlord misled. (Headnote from abstract). | ||
| 650 | _aBREAK CLAUSES | ||
| 650 | _aLEASES | ||
| 650 | _aNOTICE TO DETERMINE | ||
| 650 | _aTERMINATION DATE | ||
| 650 | _aVALIDITY | ||
| 650 | _aWRONG TERMINATION DATE | ||
| 690 | _aLANDLORD AND TENANT-CASE LAW-BUSINESS TENANCIES | ||
| 942 | _n0 | ||
| 948 | _c04/03/1997 | ||
| 999 |
_c19089 _d19089 |
||